[Хайуей] Highway to Hell (Запис номер 85813)
[ съкратено ]
| 000 -Лидер | |
|---|---|
| Контролно поле с фиксирана дължина | 02091nam a2200445 c 4500 |
| 003 - Код на организацията, давaща контролен номер | |
| Контролно поле | BLK |
| 005 - Дата и час на последна редакция | |
| Контролно поле | 20180422104253.0 |
| 008 - Елементи от данни с фиксирана дължина | |
| fixed length control field | 180408b bul|||||r ||||||| ||bul|| |
| 010 ## - Наследен системен номер | |
| LC control number | KNG00090416000 |
| 020 ## - Международен стандартен номер на книга ISBN | |
| Международен стандартен номер на книга ISBN | 978-954-92327-3-8 |
| -- | издат.: Addix |
| 040 ## - Източник на каталожния запис | |
| Идентификатор на билиотеката - собственик на записа | BLK |
| 041 ## - Код за език | |
| Код за езика на текст/звукозапис или на отделно заглавие | Български |
| Код за езика КДБФ | Български |
| 080 ## - УДК | |
| Текстов определител УДК | Австралийска литература |
| УДК код - определител по УДК | 821.111(94) |
| УДК определител | -94 |
| УДК - код + определител | 821.111(94)-94 |
| 080 ## - УДК | |
| Текстов определител УДК | Други видове песни. - Естрада, джаз. Стари градски. Рок-и попмузика. Чалга(поп-фолк) |
| УДК код - определител по УДК | 784.7 |
| УДК определител | .071.2(94)(092) |
| УДК - код + определител | 784.7.071.2(94)(092) |
| 080 ## - УДК | |
| Текстов определител УДК | Австралийски рокмузикант от групата AC/DC |
| УДК код - определител по УДК | 929 Скот, Бон |
| УДК определител | |
| УДК - код + определител | 929 Скот, Бон |
| 100 1# - Редна дума - Автор | |
| Автор | Уолкър, Клинтън |
| Авторска отговорност | първи автор |
| R(LIN) | 301994 |
| 139 ## - Редно поле | |
| Редна дума | Уолкър, Клинтън |
| Авторски знак | Уол - У 68 |
| 245 10 - Сведения за заглавието | |
| Заглавие | [Хайуей] Highway to Hell |
| Подзаглавни данни | Животът и смъртта на легендата на AC/DC Бон Скот |
| Редно поле (дума) | Клинтън Уолкър; прев. от англ. Марина Маринова. |
| 257 ## - Страна на издаване | |
| Страна на създаване/издаване | Австралия |
| 260 ## - Област на издателските данни | |
| -- | София |
| Име на издателя, разпространителя и проч. | Addix |
| Година на издаване | 2009 |
| 300 ## - Физическа характеристика | |
| Страници | 348 с. |
| Илюстрации и др. | с ил., факс. |
| Размери/Мащаб | 24 см |
| 380 ## - Жанр | |
| Жанр | Худож. лит. |
| 500 ## - Общи забележки | |
| Забележка | Ориг. загл. Highway to Hell : The Life and Death of AC/DC Legend Bon Scott / Clinton Walker. - Съдържа и За автора ; Биографии ; Дискография. |
| 600 14 - Име на лице, използвано като предмет | |
| За него / За нея | Скот, Бон |
| 9 (RLIN) | 301995 |
| 650 #4 - Допълнително описание по предмет – тема | |
| Основно описание – тема или топоним | Рокмузика, австралийска |
| 9 (RLIN) | 301996 |
| 650 #4 - Допълнително описание по предмет – тема | |
| Основно описание – тема или топоним | Музикални изпълнители, австралийски |
| 9 (RLIN) | 301997 |
| 650 #4 - Допълнително описание по предмет – тема | |
| Основно описание – тема или топоним | Скот, Бон |
| 9 (RLIN) | 301995 |
| 651 #4 - Допълнително описание по предмет - топоним | |
| Географско понятие | Австралия |
| 9 (RLIN) | 178508 |
| 653 ## - Ключова дума – ненормативна | |
| Ключова дума | Бон Скот |
| 653 ## - Ключова дума – ненормативна | |
| Ключова дума | AC/DC |
| 653 ## - Ключова дума – ненормативна | |
| Ключова дума | рокмузика |
| 653 ## - Ключова дума – ненормативна | |
| Ключова дума | музиканти |
| 653 ## - Ключова дума – ненормативна | |
| Ключова дума | биографии |
| 700 1# - Други автори (авторска отговорност) | |
| Лично име | Маринова, Марина |
| Автороска отговорност (Описва отношението между автора и произведението) | прев. от англ. |
| 9 (RLIN) | 369659 |
| 852 ## - Местоположение | |
| Форматна сигнатура | Цб 244641 |
| 856 4# - Електронен адрес и достъп | |
| Електронен формат | pdf - файл |
| Път до файла /url/ | |
| 856 4# - Електронен адрес и достъп | |
| Електронен формат | pdf - файл |
| Път до файла /url/ | |
| 942 ## - АРТИКУЛИ | |
| Вид на библиотечния материал | Книги |
| Скрит в OPAC | Не |
| Koha issues (borrowed), all copies | 1 |
| 944 ## - СЪЗДАВАНЕ И РЕДАКЦИЯ на ЗАПИСА | |
| Създаване/Редакция | Създаване |
| Дата на регистрацията/редакция | 06.07.2009 |
| Статус, дата на статуса | ф / |
| Служител, извършил регистрацията/редакцията | Людмила_Стоянова |
| 944 ## - СЪЗДАВАНЕ И РЕДАКЦИЯ на ЗАПИСА | |
| Създаване/Редакция | Редакция |
| Дата на регистрацията/редакция | 02.11.2015 |
| Статус, дата на статуса | ф / |
| Служител, извършил регистрацията/редакцията | Виолета_Тройчева |
| 999 ## - СИСТЕМНИ КОНТРОЛНИ НОМЕРА | |
| Koha biblionumber | 85813 |
| Koha biblioitemnumber | 85813 |
| Код за отписване | Код за изгубен артикул | Източник на класификационната схема | Код за повреда | Коз за рестрикции | Код за отдаване | Артикулен № | Име на библиотеката - собственик | Име на библиотеката, в която се намира в момента | Статус (Текущо местоположение) | Дата на вписване в системата | Местоположение - отдел | Цена в лева | Инвентарен номер | Систематично азбучна сигнатура | Баркод | Номер на екземпляра | Цена в евро | Служебна бележка | Служебен тип на артикула |
|---|---|---|---|---|---|---|---|---|---|---|---|---|---|---|---|---|---|---|---|
| Не е изгубен | Universal Decimal Classification | Не е повреден | без рестрикции | заемане за дома | 139089 | Регионална библиотека "Любен Каравелов" Русе | Регионална библиотека "Любен Каравелов" Русе | Заемна - подръчен фонд | 2009-07-06 | Заемна - подръчен фонд | 19.99 | 120000736775 | П 820(94)-9/У 68 | 120000736775 | 1 | 10.22 | Дост: Pk Вид: Ф N: 19076 Дата: 01.07.2009 Дата инв: 15.02.2018 Бележки инв: П2018 | Книги | |
| Не е изгубен | Не е повреден | без рестрикции | ползва се в читалня | 139090 | Регионална библиотека "Любен Каравелов" Русе | Регионална библиотека "Любен Каравелов" Русе | Хранилище | 2015-06-26 | Хранилище | 19.99 | 120000789082 | Цб 244641 | 120000789082 | 2 | 10.22 | Дост: Dp Вид: Д N: 3 Дата: 12.01.2015 | Книги |